Flora of Ecuador : (Registro nro. 2796)

Detalles MARC
000 -CABECERA
Campo de control 00811nam a2200277 a 4500
005 - FECHA Y HORA DE LA ULTIMA TRANSACCION
Campo de control 20191224041650.0
008 - ELEMENTOS DE LONGITUD FIJA—INFORMACION GENERAL
Campo de control 140306s1999 dk a fr|||| 001 0 eng d
020 ## - ISBN
ISBN 8788702685
040 ## - FUENTE DE CATALOGACIÓN
Agencia catalogadora original CO-BoIAVH
Agencia transcriptora CO-BoIAVH
041 0# - IDIOMA
Código de idioma para texto/pista de sonido o título separado Inglés
044 ## - PAÍS DE PUBLICACIÓN
País de publicación Dinamarca
082 04 - NUMERO DE CLASIFICACION DECIMAL DEWEY
Número de clasificación 583.93
Número del ítem H28f
100 1# - ASIENTO PRINCIPAL--NOMBRE PERSONAL
Nombre personal Harling, Gunnar
9 (RLIN) 17471
245 10 - MENCION DE TITULO
Título Flora of Ecuador :
Parte restante del título Rubiaceae (part 3)
260 ## - PUBLICACION, DISTRIBUCION, ETC. (PIE DE IMPRENTA)
Lugar de publicación, distribución, etc. Copenhague :
Nombre del editor, distribuidor, etc. University of Göteborg,
Fecha de publicación, distribución, etc. 1999.
300 ## - DESCRIPCION FISICA
Extensión 320 páginas :
Otros detalles físicos Ilustraciones ;
Dimensiones 24 x 17 cm.
490 0# - MENCION DE SERIE
Mención de serie Flora of Ecuador
Designación numérica/secuencial del volumen 6
650 16 - ASIENTO SECUNDARIO DE MATERIA - TERMINO TEMATICO
Término temático o nombre geográfico como elemento de entrada Flora
9 (RLIN) 62816
650 26 - ASIENTO SECUNDARIO DE MATERIA - TERMINO TEMATICO
Término temático o nombre geográfico como elemento de entrada Taxonomía vegetal
9 (RLIN) 92262
650 26 - ASIENTO SECUNDARIO DE MATERIA - TERMINO TEMATICO
Término temático o nombre geográfico como elemento de entrada Claves taxonómicas
9 (RLIN) 3514
650 26 - ASIENTO SECUNDARIO DE MATERIA - TERMINO TEMATICO
Término temático o nombre geográfico como elemento de entrada Descripción de especies
9 (RLIN) 15405
650 26 - ASIENTO SECUNDARIO DE MATERIA - TERMINO TEMATICO
Término temático o nombre geográfico como elemento de entrada Gentianales
9 (RLIN) 62819
662 ## - ASIENTO SECUNDARIO DE MATERIA - JERARQUIA DEL NOMBRE DE LUGAR(
País o entidad mayor Ecuador
700 1# - ASIENTO SECUNDARIO - NOMBRE PERSONAL
Nombre personal Andersson, Lennart
9 (RLIN) 17474
942 ## - ELEMENTOS ADICIONALES (KOHA)
Tipo de ítem Libro
Sistema de clasificación Dewey Decimal Classification
Existencias
Withdrawn status Lost status Sistema de Clasificación Damaged status No para préstamo Colección Inventariado Ubicación Permanente Ubicación actual Fecha de adquisición Valor Total Checkouts Número topográfico Inventario / Código de Barras Date last seen Ejemplar Price effective from Forma de adquisición Tipo de material
    Dewey Decimal Classification     General Inventariado 2017 Bogotá Bogotá 27/06/2002 39000.00   LB-583.93 H28f 003274 04/12/2012 Ej. 1 04/12/2012   Libro